000 00619nam a2200205 4500
003 OSt
005 20240725050918.0
006 a
008 240725b |||||||| |||| 00| 0 eng d
020 _a9710388639
040 _aDWCL-Main lib.
_cOC
082 _aFil. 150 F826g 2009
100 _aFrando, Milagros F.
245 _aGeneral psychology : simplified /
260 _aMandaluyong City :
_bNational Books Atbp. Pub. Corp.,
_cc2009.
300 _aviii,
_b212 p. : ill. ;
_c22cm.
504 _aIncludes bibliographical references & index.
650 _a1. Psychology-Textbooks.
942 _2ddc
_n0
_cBK - FIL
_kFil.
999 _c2723
_d2723